000 00637nam a2200181 i 4500
001 75921
003 ES-MaACL
005 20230906172644.0
007 t|
008 040928s1954 sp ||||1| spa d
100 1 _aGray, Alexander.
_959790
245 1 0 _aElectrotecnia
_b: fundamentos teóricos y aplicaciones prácticas /
_cAlexander Gray y G.A. Wallace ; traducción del inglés por Albino Yusta Almarza.
260 _aMadrid :
_bAguilar,
_c[1954] (
_fImp. Góngora)
300 _aXIX, 630 p. :
_bil. ;
_c22 cm.
700 1 _aWallace, G. A.
_9115947
700 1 _aYusta Almarza, Albino.
_9117753
852 _aES-MaACL
_jC-6534
_bR.35856
999 _c75921
_d75921